| 000 -ლიდერი |
| ფიქსირებული სიგრძის საკონტროლო ველი |
01200nam a2200241Ia 4500 |
| 001 - საკონტროლო ნომერი |
| საკონტროლო ველი |
1598 |
| 003 - საკონტროლო ნომრის იდენტიფიკატორი |
| საკონტროლო ველი |
GE_BSU |
| 005 - ბოლო ოპერაციის თარიღი და დრო |
| საკონტროლო ველი |
20260323165033.0 |
| 008 - ფიქსირებული სიგრძის მონაცემთა ელემენტები - ზოგადი ინფორმაცია |
| ფიქსირებული სიგრძის საკონტროლო ველი |
181216s2001||||ge |||||s|||||||| ||geo|| |
| 020 ## - წიგნის საერთაშორისო სტანდარტული ნომერი |
| International Standard Book Number |
999282283X |
| 040 ## - კატალოგიზაციის წყარო |
| Transcribing agency |
GE_BSU |
| 041 ## - ენის კოდი |
| Language code of text/sound track or separate title |
geo |
| 080 ## - უნივერსალური ათობითი კლასიფიკაციის ინდექსი |
| Universal Decimal Classification number |
355/353(075.8) მ-45 |
| 100 ## - მთავარი ჩანაწერი - პიროვნების სახელი |
| Personal name |
მდივნიშვილი, ოტია |
| 9 (RLIN) |
27182 |
| 245 ## - ცნობა სათაურის შესახებ |
| Title |
საგანგებო სიტუაციები და სამოქალაქო თავდაცვა : |
| Remainder of title |
[სახელმძღვ. თსუ-ს სტუდ.-თვის] / |
| Statement of responsibility, etc |
გ. ამირხანაშვილი, თ. დავითიძე, გ. ზავრაშვილი; [რედ.: გ. მთვარაძე]. |
| 264 ## - წარმოების, გამოცემის, დისტრიბუციის და სხვა ცნობები |
| გამოცემის, წარმოების, დისტრიბუციის... ადგილი |
თბილისი : |
| გამოცემის, წარმოების, დისტრიბუციის... სახელწოდება |
მერიდიანი, |
| გამოცემის, წარმოების, დისტრიბუციის... თარიღი |
2001. |
| 300 ## - ფიზიკური აღწერა |
| Extent |
355 გვ.; |
| Other physical details |
19 სმ. |
| 653 ## - INDEX TERM--UNCONTROLLED |
| Uncontrolled term |
საგანგებო სიტუაციები |
| 653 ## - INDEX TERM--UNCONTROLLED |
| Uncontrolled term |
სამოქალაქო თავდაცვა. |
| 700 ## - ADDED ENTRY--PERSONAL NAME |
| Personal name |
ტაველიშვილი,ოთარ |
| Relator term |
ავტორი |
| 9 (RLIN) |
27183 |
| 700 ## - ADDED ENTRY--PERSONAL NAME |
| Personal name |
მელქაძე, თეიმურაზ |
| Relator term |
ავტორი |
| 9 (RLIN) |
27184 |
| 942 ## - ADDED ENTRY ELEMENTS (KOHA) |
| Koha item type |
წიგნი |
| Source of classification or shelving scheme |
|